Sports Quiz

Random Sports Quiz
Score 0/30 Timer 04:00
0 Plays Today
Entry # Answer % Correct
30Undertaker
90.6%
10Kane
84.4%
16Randy Orton
84.4%
5Edge
81.3%
23Shawn Michaels
81.3%
1Ric Flair
75%
14Jeff Hardy
71.9%
4Matt Hardy
68.8%
18Rob Van Dam
68.8%
28Great Khali
62.5%
29The Miz
62.5%
2Finlay
59.4%
9Shelton Benjamin
59.4%
11CM Punk
56.3%
26MVP
56.3%
Entry # Answer % Correct
12King Booker
50%
20Johnny Nitro
50%
7Sabu
46.9%
15Sandman
46.9%
25Chavo Guerrero
46.9%
27Carlito
46.9%
6Tommy Dreamer
43.8%
21Kevin Thorn
40.6%
3Kenny Dykstra
37.5%
17Chris Benoit
37.5%
19Viscera
37.5%
24Chris Masters
34.4%
8Gregory Helms
28.1%
22Hardcore Holly
28.1%
13Super Crazy
18.8%
Remove Ads.
Support Sporcle.
Get the best of Sporcle when you Go Orange. This ad-free experience offers more features, more stats, and more fun while also helping to support Sporcle. Thank you for becoming a member.

You're not logged in!

Compare scores with friends on all Sporcle quizzes.
OR
Log In

Show Comments

Extras

Top Quizzes Today


Score Distribution

Your Account Isn't Verified!

In order to create a playlist on Sporcle, you need to verify the email address you used during registration. Go to your Sporcle Settings to finish the process.

Report this User

Report this user for behavior that violates our Community Guidelines.

Details: